LEADER 01898nam 2200409Ia 450 001 996385064003316 005 20200824132023.0 035 $a(CKB)4940000000074819 035 $a(EEBO)2240956459 035 $a(OCoLC)ocm12063552e 035 $a(OCoLC)12063552 035 $a(EXLCZ)994940000000074819 100 $a19850521d1688 uy | 101 0 $aeng 135 $aurbn||||a|bb| 200 10$aMonsieur Pascall's thoughts, meditations, and prayers, touching matters moral and divine$b[electronic resource] $eas they were found in his papers after his death : together with a discourse upon Monsieur Pascall's, Thoughts ... as also another discourse on the proofs of the truth of the books of Moses : and a treatise, wherein is made appear that there are demonstrations of a different nature but as certain as those of geometry, and that such may be given of the Christian religion /$fdone into English by Jos. Walker 210 $aLondon $cPrinted for Jacob Tonson ...$d1688 215 $a[42], 263 p., [8], 269-375 p 300 $aTranslation of: Pense?es. 300 $a"A discourse upon Monsieur Pascall's, Thoughts" by Jean Filleau de la Chaise (p. 269-375) has special t.p. 300 $a"The life of Monsieur Pascall, writ by Madam Perier his sister": p. 1-36. 300 $a"Licensed by R.M." 300 $aReproduction of original in British Library. 330 $aeebo-0018 700 $aPascal$b Blaise$f1623-1662.$028760 701 $aWalker$b Joseph$0845961 701 $aPerier$cMadame$g(Gilberte),$f1620-1685.$0202133 701 $aFilleau de la Chaise$b Jean$f1631-1688.$0845962 801 0$bEAA 801 1$bEAA 801 2$bm/c 801 2$bUMI 801 2$bWaOLN 906 $aBOOK 912 $a996385064003316 996 $aMonsieur Pascall's thoughts, meditations, and prayers, touching matters moral and divine$91889298 997 $aUNISA LEADER 04590nam 22006732 450 001 996210412103316 005 20240405031036.0 010 $a90-485-1317-0 024 7 $a10.1515/9789048513178 035 $a(CKB)2670000000395155 035 $a(EBL)1773716 035 $a(SSID)ssj0000889697 035 $a(PQKBManifestationID)11497193 035 $a(PQKBTitleCode)TC0000889697 035 $a(PQKBWorkID)10876869 035 $a(PQKB)10886099 035 $a(OCoLC)862785852 035 $a(DE-B1597)534347 035 $a(OCoLC)994447546 035 $a(DE-B1597)9789048513178 035 $a(UkCbUP)CR9789048513178 035 $a(Au-PeEL)EBL1773716 035 $a(CaPaEBR)ebr10862005 035 $a(CaONFJC)MIL797712 035 $a(OCoLC)852785852 035 $a(MiAaPQ)EBC1773716 035 $a(oapen)https://directory.doabooks.org/handle/20.500.12854/28370 035 $a(EXLCZ)992670000000395155 100 $a20201013d2012|||| uy| 0 101 0 $aeng 135 $aur||||||||||| 181 $ctxt$2rdacontent 182 $cc$2rdamedia 183 $acr$2rdacarrier 200 00$aBastard or playmate? $eadapting theatre, mutating media and the contemporary performing arts /$fedited by Robrecht Vanderbeeken [and others]$b[electronic resource] 205 $a1st ed. 210 $cAmsterdam University Press$d2012 210 1$aAmsterdam :$cAmsterdam University Press,$d2012. 215 $a1 online resource (264 pages) $cdigital, PDF file(s) 225 1 $aTheater topics 300 $aTitle from publisher's bibliographic system (viewed on 08 Feb 2021). 311 $a90-8964-258-7 320 $aIncludes bibliographical references and indexes. 327 $tIntroduction : perhaps the medium-specificity of the contemporary performing arts is mutation? -- $t Theatre between performance and installation : three contemporary Belgian examples / $r Christophe Van Gerrewey -- $t The fourth wall, or the rift between citizen and government : another attempt at a conceptual synthesis of theatre and politics / $r Klaas Tindemans -- $t Using recorded images for political purposes / $r Nancy Delhalle -- $t A campsite for the avant-garde and a church in cyberspace : Christophe Schlingensief's dialogue with avant-gardism / $r Anna Teresa Scheer -- $t Echoes from the animist past / $r Abattoir Ferm?e's dark backward and abysm of time / $r Evelien Jonckheere -- $t Folding mutants or crumbling hybrids? : of looking baroque in contemporary theatre and performance / $r Jeroen Coppens -- $t Making Unmakeablelove : the relocation of theatre / $r Sarah Kenderdine and Jeffrey Shaw -- $t Witness protection? : surveillance technologies in theatrical performance / $r Elise Morrison -- $t The work of art in the age of its intermedial reproduction : Rimini Protokoll's Mnemopark / $r Katia Arfara -- $t Rimini Protokoll's theatricalization of reality / $r Frederik Le Roy -- $t Digital landscapes : the meta-picturesque qualities of Kurt d'Haeseleer's audiovisual sceneries / $r Nele Wynants -- $t The productivity of the prototype : on Julien Maire's 'cinema of contraptions' / $r Edwin Carels -- $t The theatre of recorded sound and film : vacating performance in Michael Curran's Look what they done to my song / $r Marco Pustianaz -- $t Doubled bodies and live loops : on Ragnar Kjartansson's mediatized performances / $r Eva Heisler -- $t Between solitaire and a basketball game : dramaturgical strategies in the work of Antonia Baehr / $r Tom Engels. 330 $aThis fascinating volume explores the theme of mutating and adapting media in its relation to theatre and performance. Bringing together international scholars and artists, the editors offer a comprehensive overview of the changing nature of theater, focusing on interactivity, corporeality, liveness, surveillance, spectacle, performativity, and theatricality. 'Bastard or Playmate' shows how dismantling the medium of theater has led to a fertile ground for new art. This wide-ranging and vibrant book provides an excellent guide for readers unfamiliar with the field of intermediality, as well as researchers and experienced theater artists. 410 0$aTheater topics. 606 $aExperimental theater 610 $atheatre 610 $aSurveillance 615 0$aExperimental theater. 676 $a792.022 700 $aVanderbeeken$b Robrecht$4edt$01668035 702 $aVanderbeeken$b Robrecht 801 0$bUkCbUP 801 1$bUkCbUP 906 $aBOOK 912 $a996210412103316 996 $aBastard or playmate$94149752 997 $aUNISA